000 00654nam a2200217 a 4500
008
020 _a09780980003601 (Pbk.)
049 _aMAIN
090 _aNA2542.4
_bVIA
245 1 0 _aVia Occupation
_cedited by Morgan Martinson
260 _aPhiladelpha:
_bSchool of ,Univesity of Pennsylvana,
_c2007
300 _a183 pages:
_b colour Illustrations,
_c28 cm.
650 _aArchitectural Design
650 _aArchitecture Human society
650 1 _aRegional Planning
907 _a.b10397346
_b19-03-19
_c19-03-19
003
005 20230123141139.0
040 _cNUST
942 _cBOOKS
_kNA2542.4
_mVIA
999 _c168480
_d168480